Crónica de la Provincia Franciscana de Santa Cruz de la Española y Caracas

Kaydedildi:
Detaylı Bibliyografya
Yazar: Torrubia, José (Yazar)
Materyal Türü: Kitap
Dil:İspanyolca
Baskı/Yayın Bilgisi: Caracas Fuentes para la Historia Colonial de Venezuela 1972
Seri Bilgileri:Biblioteca de la Academia Nacional de la Historia, 108
Konular:
Etiketler: Etiketle
Etiket eklenmemiş, İlk siz ekleyin!

MARC

LEADER 00000nam a2200000 a 4500
001 UCS8684
003 CL-VaPUC
008 971107e19720000VE |||||||||||||||||spa|d
082 0 4 |a 271.3  |b TOR  |2 21 
100 0 |a Torrubia, José  |e author  |9 393468 
245 1 0 |a Crónica de la Provincia Franciscana de Santa Cruz de la Española y Caracas 
300 |a 801 p 
942 |c BK 
945 |d 19971107 00:00:00  |a cmena 
260 |a Caracas  |b Fuentes para la Historia Colonial de Venezuela  |c 1972 
500 |a El texto corresponde al libro primero de la novena parte de la Crónica General de la Orden Franciscana 
600 0 7 |a FRANCISCANOS  |2 CL-VaPUC  |9 314580 
600 0 |a Iglesia católica  |9 255129 
650 0 |a Iglesia   |9 255004 
650 0 |a Misioneros  |9 324171 
650 0 |a Historia venezolana  |9 393448 
650 7 |a MISIONES RELIGIOSAS  |2 CL-VaPUC  |9 393449 
650 7 |a EVANGELIZACION  |2 CL-VaPUC  |9 393469 
650 0 |a Aspectos sociales  |9 254894 
650 7 |a IGLESIA Y POLITICA  |2 CL-VaPUC  |9 393470 
651 0 |a Venezuela  |9 254993 
651 7 |a CARACAS  |2 CL-VaPUC  |9 323786 
583 |a last modification  |c 19971107 00:00:00  |k Rodrigo Vera 
490 0 |a Biblioteca de la Academia Nacional de la Historia, 108 
999 |c 262953  |d 262951 
952 |0 0  |1 0  |4 0  |6 271_300000000000000_TOR_1972  |7 0  |8 A  |9 292011  |a BIBDER  |b BIBDER  |d 2019-11-19  |i 1900110  |o 271.3 TOR 1972  |p 1900110  |r 2023-01-25  |w 2019-11-19  |y BK  |k DER